Historia de la cultura griega
Uloženo v:
| Hlavní autor: | |
|---|---|
| Médium: | Kniha |
| Jazyk: | Undetermined |
| Vydáno: |
Madrid, España
Revista de Occidente
1974
|
| Témata: | |
| Tagy: |
Přidat tag
Žádné tagy, Buďte první, kdo vytvoří štítek k tomuto záznamu!
|
MARC
| LEADER | 00000nam a2200000Ia 4500 | ||
|---|---|---|---|
| 008 | 170316s9999 xx 000 0 und d | ||
| 040 | |a cru BVZT | ||
| 090 | |a 880 B-3h | ||
| 100 | |a Burckhardt, Jacobo |9 2107 | ||
| 245 | |a Historia de la cultura griega | ||
| 260 | |a Madrid, España | ||
| 260 | |b Revista de Occidente | ||
| 260 | |c 1974 | ||
| 300 | |a 476 páginas | ||
| 650 | |a LITERATURA GRIEGA |9 301 | ||
| 650 | |a HISTORIA CULTURA GRIEGA |9 2108 | ||
| 650 | |a LOS GRIEGOS Y SU MITO |9 2109 | ||
| 650 | |a ESTADO Y NACIÓN - GRIEGOS |9 2110 | ||
| 650 | |a DIONISIO |9 2111 | ||
| 999 | |c 11849 |d 11849 | ||
| 942 | |c SALA |h 880 B-3h |2 z | ||
